Calciatori Serie A Squadra della stagione della Conference League - Statistics

Statistiche generali
  • Questo quiz è stato fatto 16 volte
  • Il punteggio medio è 7 su 9
Statistiche sulle risposte
Numero apparizioni Edizioni apparizioni Nazione Squadra Calciatore % Corretto
1 2023-2024 Brasile Fiorentina Dodô
94%
1 2021-2022 Portogallo Roma Rui Patrício
94%
1 2021-2022 Inghilterra Roma Chris Smalling
88%
1 2021-2022 Italia Roma Lorenzo Pellegrini
88%
1 2021-2022 Inghilterra Roma Tammy Abraham
88%
1 2022-2023 Serbia Fiorentina Nikola Milenković
81%
2 2022-2023; 2023-2024 Italia Fiorentina Cristiano Biraghi
75%
1 2023-2024 Italia Fiorentina Pietro Terracciano
75%
1 2022-2023 Argentina Fiorentina Nicolás González
63%
Nessun quiz corrispondente trovato
Distribuzione punteggi
Percentuale di utenti per punteggio
Percentile per numero di risposta
I tuoi punteggi nel tempo
Non hai fatto questo quiz